Normal view
MARC view
Entry Personal Name
001 - CONTROL NUMBER
- control field: 1236187
003 - CONTROL NUMBER IDENTIFIER
- control field: OSt
005 - DATE AND TIME OF LATEST TRANSACTION
- control field: 20260430150016.0
008 - FIXED-LENGTH DATA ELEMENTS
- fixed length control field: 260430|| aca||aabn | a|a d
040 ## - CATALOGING SOURCE
- Original cataloging agency: OSt
- Transcribing agency: OSt
100 ## - HEADING--PERSONAL NAME
- Personal name: Batra Kriti Au.; Binay Kumar Gu
670 ## - SOURCE DATA FOUND
- Source citation: Work cat.: (OSt)1848717: Batra Kriti Au.; Binay Kumar Gu., Synthesis and characterization of lead free piezoelectric materials for energy harvesting and pressure sensing applications, 2022
